00275nam a2200109Ia 4500008004100000100001700041245005400058260001700112650001200129942000700141999001700148190216s9999||||xx |||||||||||||| ||und|| aPaul Johnson 0aHistory Of The Modern World From 1917 To The 1980 bJohn Murrary aHistory cBK c19431d19431